000 00407nam a2200181Ia 4500
003 0STCL
008 150530s9999 xx 000 0 und d
040 _aSTCL
_cSTCL
100 _aWebster
245 _aNew American Webster Dictionary
250 _aFirst
260 _bNew American library
_c1952
300 _a0
546 _aEnglish
942 _2ddc
_cBK
999 _c53090
_d53090
005 20220125170910.0